|
|
|
|
| LEADER |
00981nam a22002772i 4500 |
| 001 |
001477254 |
| 003 |
CZ BrMZK |
| 005 |
20151030103725.0 |
| 007 |
ta |
| 008 |
150626s1951 xo er|||||||||||hun d |
| 040 |
|
|
|a OLA001
|b cze
|d BOA001
|e rda
|
| 041 |
1 |
|
|a hun
|h cze
|
| 100 |
1 |
|
|a Gottwald, Klement,
|d 1896-1953
|7 jk01032566
|4 aut
|
| 245 |
1 |
0 |
|a Tíz év. Tanulmányek és beszédek gyűjteménye 1936-1946 /
|c Klement Gottwald ; fordította Horváth László
|
| 264 |
|
1 |
|a Pozsony :
|b Pravda,
|c 1951
|
| 300 |
|
|
|a 419 stran
|
| 336 |
|
|
|a text
|b txt
|2 rdacontent
|
| 337 |
|
|
|a bez média
|b n
|2 rdamedia
|
| 338 |
|
|
|a svazek
|b nc
|2 rdacarrier
|
| 500 |
|
|
|a Přeloženo z češtiny
|
| 700 |
1 |
|
|a Horváth, László
|4 trl
|
| 910 |
|
|
|a BOA001
|b 2-0279.284
|
| 990 |
|
|
|a BK
|
| 991 |
|
|
|b 201506
|
| 996 |
7 |
|
|b 2618877948
|c 2-0279.284
|l MZK
|r Sklad / do 24 hodin
|n 0
|w 001512332
|u 000020
|a 1
|e BOA001
|j MZK50
|s A
|
| 996 |
7 |
|
|b 2618877949
|c 2-0279.284
|l MZK
|r Sklad / do 24 hodin
|n 0
|w 001512332
|u 000010
|a 1
|e BOA001
|j MZK50
|s A
|